000 00614nam a2200241Ia 4500
003 OSt
005 20221007110358.0
006 a|||||r|||| 00| 0
007 ta
008 221006b |||||||| |||| 00| 0 eng d
024 _a21,016
037 _cTextual
040 _aLCO
_cLCO
_beng
041 _2eng
_aeng
082 _aZ0aY, L6
100 _aIyer V.R. Krishna
245 0 _aSocial Mission of Law
260 _aBombay
_bOrient Longman India
_c1976
300 _a205
650 _aSOCIAL MISSION
_9707402
942 _hZ0aY, L6
_cTEXL
999 _c1190579
_d1190579